LEADER 01258cas--2200385---450- 001 990001533980203316 005 20150216164414.0 017 70$a00052606$2P 035 $a000153398 035 $aUSA01000153398 035 $a(ALEPH)000153398USA01 035 $a000153398 100 $a20040325d19001901km-y0itay0103----ba 101 $aita 102 $aIT 110 $aaoazz--|||| 200 1 $a<> Cronache teatrali$fdi Edoardo Boutet 207 $aN. 1 (25 mar. 1900)-n. 36 (15 mar. 1901) 210 $aRoma$cSocietā editrice nazionale$d1900-1901 215 $avolumi$cill.$d21 cm 430 $1001000152867$12001$aLe cronache drammatiche 606 0 $aTeatro$xStoria$xPeriodici$2BNCF 676 $a792.09 801 0$aIT$bsalbc$gISBD 912 $a990001533980203316 958 $aFA$bFA Per.9 (Direzione)$cN.1(25 mar. 1900)-n.25(25 set. 1900);$iInv. 222 DLAS 959 $aSE 979 $aDLAS$b10$c20040325$lUSA01$h1044 979 $aPATRY$b90$c20040406$lUSA01$h1746 979 $aVITTORIANA$b90$c20150216$lUSA01$h1253 979 $aVITTORIANA$b90$c20150216$lUSA01$h1253 979 $aVITTORIANA$b90$c20150216$lUSA01$h1640 979 $aVITTORIANA$b90$c20150216$lUSA01$h1644 996 $aCronache teatrali$9926415 997 $aUNISA LEADER 01015nam0 22002771i 450 001 VAN0057491 005 20070205120000.0 010 $a88-348-6420-4 100 $a20070205d2006 |0itac50 ba 101 $aita 102 $aIT 105 $a|||| ||||| 200 1 $aDiritto contro economia$eresistenze istituzionali all'innovazione economica$fFabio Merusi 210 $aTorino$cGiappichelli$dc2006 215 $aVII, 116 p.$d21 cm. 606 $aEconomia$xDiritto$3VANC020104$2FI 620 $dTorino$3VANL000001 676 $a346.082$v21 700 1$aMerusi$bFabio$3VANV004795$0109005 712 $aGiappichelli $3VANV107921$4650 801 $aIT$bSOL$c20230707$gRICA 899 $aBIBLIOTECA DEL DIPARTIMENTO DI GIURISPRUDENZA$1IT-CE0105$2VAN00 912 $aVAN0057491 950 $aBIBLIOTECA DEL DIPARTIMENTO DI GIURISPRUDENZA$d00CONS VIII.eo.687 $e00 32695 20070220 996 $aDiritto contro economia$9725716 997 $aUNICAMPANIA LEADER 02417nam0 2200469 i 450 001 VAN0132763 005 20230621100807.226 017 70$2N$a9783319007533 100 $a20210325d2014 |0itac50 ba 101 $aeng 102 $aCH 105 $a|||| ||||| 200 1 $aTackling the Inverse Problem for Non-Autonomous Systems$eApplication to the Life Sciences$eDoctoral Thesis accepted by Lancaster University, UK$fTomislav Stankovski 210 $aCham$cSpringer$d2014 215 $axv, 135 p.$cill.$d24 cm 410 1$1001VAN0104193$12001 $aSpringer theses$erecognizing outstanding Ph.D. research$1210 $aBerlin$cSpringer$d2010- 500 1$3VAN0134734$aTackling the Inverse Problem for Non-Autonomous Systems$91768717 606 $a92C30$xPhysiology (general) [MSC 2020]$3VANC020840$2MF 606 $a37B55$xTopological dynamics of nonautonomous systems [MSC 2020]$3VANC023747$2MF 606 $a34C15$xNonlinear oscillations and coupled oscillators for ordinary differential equation [MSC 2020]$3VANC024610$2MF 606 $a34D06$xSynchronization of solutions to ordinary differential equation [MSC 2020]$3VANC031466$2MF 610 $aBayesian Inference and Random Fluctuations$9KW:K 610 $aBiomedical Examples of Coupled Oscillators$9KW:K 610 $aClimate Dynamics as Coupled Oscillators$9KW:K 610 $aCoupled Non-synchronous States$9KW:K 610 $aCoupled Oscillatory Systems in Nature$9KW:K 610 $aCoupled oscillators$9KW:K 610 $aCoupling Function for Interacting Oscillators$9KW:K 610 $aHeart-Lung Synchronization$9KW:K 610 $aInteracting Oscillators$9KW:K 610 $aNon-autonomous Systems$9KW:K 620 $aCH$dCham$3VANL001889 700 1$aStankovski$bTomislav$3VANV106589$0791339 712 $aSpringer $3VANV108073$4650 801 $aIT$bSOL$c20240614$gRICA 856 4 $uhttp://doi.org/10.1007/978-3-319-00753-3$zE-book ? Accesso al full-text attraverso riconoscimento IP di Ateneo, proxy e/o Shibboleth 899 $aBIBLIOTECA DEL DIPARTIMENTO DI MATEMATICA E FISICA$1IT-CE0120$2VAN08 912 $fN 912 $aVAN0132763 950 $aBIBLIOTECA DEL DIPARTIMENTO DI MATEMATICA E FISICA$d08CONS e-book 1961 $e08eMF1961 20210325 996 $aTackling the Inverse Problem for Non-Autonomous Systems$91768717 997 $aUNICAMPANIA